| 000 | 00422nam a22001697a 4500 | ||
|---|---|---|---|
| 005 | 20180814140637.0 | ||
| 008 | 160513b xxu||||| |||| 00| 0 eng d | ||
| 020 | _a81-7446346-1 | ||
| 041 | _aeng | ||
| 082 |
_b1807 _a658.4012 |
||
| 100 |
_aRao, V.S.P. and Krishna, Hari V. _94814 |
||
| 245 | _aStrategic Management Text & Cases | ||
| 260 |
_bGood Books _c2003 |
||
| 300 | _a709 | ||
| 650 |
_aManagement _9241 |
||
| 942 | _cBK | ||
| 999 |
_c697 _d697 |
||